000
00296nam a22001337a 4500
008
170614b xxu||||| |||| 00| 0 eng d
020
_a
016166419012003076626010
041
_a
eng
080
_a
323
100
_a
19
101
_a
SHP
245
_a
CURRENT ISSUES
_c
DIETER,G.W
942
_2
udc
_c
BK
999
_c
17425
_d
17425